Les XVIè et XVIIè siècles La grande mutation intellectuelle de l'humanité; l'avènement de la science moderne et l'expansion de l'Europe. T4
Sparad:
| Huvudupphovsman: | |
|---|---|
| Materialtyp: | Bok |
| Språk: | Undetermined |
| Publicerad: |
Paris
Presses Universitaires de France
1965
|
| Ämnen: | |
| Taggar: |
Lägg till en tagg
Inga taggar, Lägg till första taggen!
|
| Thư viện lưu trữ: | Trung tâm Học liệu Trường Đại học Cần Thơ |
|---|
| LEADER | 00652nam a2200193Ia 4500 | ||
|---|---|---|---|
| 001 | CTU_26743 | ||
| 008 | 210402s9999 xx 000 0 und d | ||
| 082 | |a 901.9 | ||
| 082 | |b C992/T4 | ||
| 100 | |a Roland Mousnier | ||
| 245 | 0 | |a Les XVIè et XVIIè siècles | |
| 245 | 0 | |b La grande mutation intellectuelle de l'humanité; l'avènement de la science moderne et l'expansion de l'Europe. T4 | |
| 245 | 0 | |c Roland Mousnier | |
| 260 | |a Paris | ||
| 260 | |b Presses Universitaires de France | ||
| 260 | |c 1965 | ||
| 650 | |a europe - history,middle ages - history | ||
| 904 | |i Minh, 981020 | ||
| 980 | |a Trung tâm Học liệu Trường Đại học Cần Thơ | ||